The Offspring-All Songs - Statistics

General Stats
  • This quiz has been taken 222 times
  • The average score is 74 of 135
Answer Stats
Album/Year Song % Correct
Americana (1998) Pretty Fly For A White Guy
91%
Smash (1994) Self Esteem
90%
Smash (1994) Smash
89%
Smash (1994) Come Out and Play
88%
Rise and Fall, Rage and Grace (2008) You're Gonna Go Far, Kid
85%
Americana (1998) Americana
83%
Americana (1998) The Kids Aren't Alright
83%
Let the Bad Times Roll (2021) Let the Bad Times Roll
81%
Conspiracy Of One (2000) Original Prankster
81%
Ixnay on the Hombre (1997) Gone Away
80%
Conspiracy Of One (2000) Want You Bad
80%
Days Go By (2012) Days Go By
79%
Rise and Fall, Rage and Grace (2008) Rise and Fall
77%
Americana (1998) Why Don't You Get a Job
77%
Splinter (2003) Hit That
76%
Smash (1994) Bad Habit
75%
Conspiracy Of One (2000) Conspiracy Of One
74%
Americana (1998) Staring At the Sun
72%
Rise and Fall, Rage and Grace (2008) Hammerhead
71%
Ixnay on the Hombre (1997) All I Want
70%
Smash (1994) Genocide
68%
Smash (1994) Gotta Get Away
67%
Conspiracy Of One (2000) Million Miles Away
66%
Smash (1994) Nitro
65%
Splinter (2003) Can't Get My Head Around You
63%
Americana (1998) Have You Ever
63%
Conspiracy Of One (2000) Intro
63%
Rise and Fall, Rage and Grace (2008) Kristy, Are You Doing Okay
63%
Conspiracy Of One (2000) One Fine Day
63%
Americana (1998) Welcome
63%
Ignition (1992) L.A.P.D.
62%
Ixnay on the Hombre (1997) Intermission
61%
Rise and Fall, Rage and Grace (2008) Fix You
60%
The Offspring (1989) Jennifer Lost the War
60%
Ignition (1992) Session
60%
Days Go By (2012) Slim Pickens Does the Right Thing and Rides the Bomb to Hell
60%
Smash (1994) What Happened To You?
60%
Ixnay on the Hombre (1997) Mota
59%
SUPERCHARGED (2024) Ok, But This Is The Last Time
59%
Americana (1998) Pay the Man
59%
SUPERCHARGED (2024) Come to Brazil
58%
Rise and Fall, Rage and Grace (2008) Half-Truism
58%
Single (2000) Huck It
58%
Ixnay on the Hombre (1997) Me & My Old Lady
58%
Americana (1998) She's Got Issues
57%
Splinter (2003) Spare Me the Details
57%
The Offspring (1989) Beheaded
56%
Ixnay on the Hombre (1997) Change the World
56%
Splinter (2003) Da Hui
56%
The Offspring (1989) Elders
56%
Smash (1994) Killboy Powerhead
56%
The Offspring (1989) Tehran
56%
Ixnay on the Hombre (1997) The Meaning of Life
56%
Splinter (2003) The Worst Hangover Ever
56%
Conspiracy Of One (2000) Come Out Swinging
55%
Conspiracy Of One (2000) Dammit, I Changed Again
55%
SUPERCHARGED (2024) Looking Out For #1
55%
Americana (1998) No Brakes
55%
Conspiracy Of One (2000) Special Delivery
55%
Ignition (1992) We Are One
55%
Ignition (1992) Burn it Up
54%
Days Go By (2012) | Ignition (1992) Dirty Magic
54%
Ixnay on the Hombre (1997) Disclaimer
54%
Americana (1998) Feelings
54%
Let the Bad Times Roll (2021) In the Hall of the Mountain King
54%
Smash (1994) Not the One
54%
Ignition (1992) Take It Like A Man
54%
Smash (1994) Time to Relax
54%
Americana (1998) Walla Walla
54%
Let the Bad Times Roll (2021) We Never Have Sex Anymore
54%
Days Go By (2012) The Future Is Now
53%
Ignition (1992) Forever and a Day
52%
SUPERCHARGED (2024) Get Some
52%
Days Go By (2012) I Wanna Secret Family
52%
SUPERCHARGED (2024) Light It Up
52%
Ignition (1992) No Hero
52%
Days Go By (2012) Cruising California
51%
The Offspring (1989) I'll Be Waiting
51%
Days Go By (2012) OC Guns
51%
The Offspring (1989) A Thousand Days
50%
Ixnay on the Hombre (1997) Cool to Hate
50%
SUPERCHARGED (2024) Hanging By A Thread
50%
Ignition (1992) Hypodermic
50%
Splinter (2003) Long Way Home
50%
Splinter (2003) Neocon
50%
Ignition (1992) Nothing from Something
50%
Splinter (2003) The Noose
50%
Let the Bad Times Roll (2021) This is Not Utopia
50%
SUPERCHARGED (2024) You Can't Get There From Here
50%
Ignition (1992) Kick Him When He's Down
49%
Rise and Fall, Rage and Grace (2008) Trust In You
49%
Conspiracy Of One (2000) Vultures
49%
Splinter (2003) When You're In Prison
49%
Ixnay on the Hombre (1997) Amazed
48%
The Offspring (1989) Demons
48%
Conspiracy Of One (2000) Denial, Revisited
48%
Americana (1998) The End of the Line
48%
The Offspring (1989) Crossroads
47%
SUPERCHARGED (2024) Make It All Right
47%
Conspiracy Of One (2000) All Along
46%
The Offspring (1989) Blackball
46%
Rise and Fall, Rage and Grace (2008) Let's Hear It For Rock Bottom
46%
Days Go By (2012) Secrets From the Underground
46%
Smash (1994) So Alone
46%
Smash (1994) Something to Believe In
46%
SUPERCHARGED (2024) The Fall Guy
46%
Let the Bad Times Roll (2021) Coming For You
45%
Let the Bad Times Roll (2021) Lullaby
45%
The Offspring (1989) Out On Patrol
45%
Ixnay on the Hombre (1997) I Choose
44%
Rise and Fall, Rage and Grace (2008) Nothingtown
44%
Ixnay on the Hombre (1997) Way Down the Line
44%
Ixnay on the Hombre (1997) Don't Pick it Up
43%
SUPERCHARGED (2024) Truth In Fiction
43%
Rise and Fall, Rage and Grace (2008) A Lot Like Me
42%
Let the Bad Times Roll (2021) Army of One
41%
Ignition (1992) Get it Right
41%
Let the Bad Times Roll (2021) Hassan Chop
41%
Ixnay on the Hombre (1997) Leave It Behind
41%
Let the Bad Times Roll (2021) The Opioid Diaries
41%
Days Go By (2012) All I Have Left Is You
39%
Smash (1994) It'll Be A Long Time
39%
Days Go By (2012) Dividing By Zero
37%
Splinter (2003) Lightning Rod
37%
Conspiracy Of One (2000) Living in Chaos
37%
Rise and Fall, Rage and Grace (2008) Takes Me Nowhere
36%
Let the Bad Times Roll (2021) Behind Your Walls
35%
Days Go By (2012) Hurting As One
33%
Rise and Fall, Rage and Grace (2008) Stuff Is Messed Up
32%
Splinter (2003) Never Gonna Find Me
30%
Let the Bad Times Roll (2021) Breaking These Bones
28%
Let the Bad Times Roll (2021) Guerre Sous Couvertures
28%
Days Go By (2012) Turning Into You
25%
Splinter (2003) Race Against Myself
21%
No matching quizzes found
Score Distribution
Percent of People with Each Score
Percentile by Number Answered
Your Score History
You have not taken this quiz